000 00347 a2200157 4500
001 171691
020 _a85-16-03481-X
040 _cMagnum
100 _aMachado, Ana Maria
240 1 0 _aRaul da ferrugem azul
_lpor
245 1 0 _aRaul da ferrugem azul
300 _a64
362 0 _a2009
697 _aLITERATURA INFANTO-JUVENIL
942 _cBK
999 _c171691
_d171691